Preguntas y problemas de física / (Record no. 128783)
[ view plain ]
| 000 -LEADER | |
|---|---|
| campo de control de longitud fija | 00525nam a2200169 i 4500 |
| 001 - NÚMERO DE CONTROL | |
| campo de control | 128783 |
| 003 - IDENTIFICADOR DE NÚMERO DE CONTROL | |
| campo de control | ES-MaACL |
| 007 - CAMPO FIJO DE DESCRIPCIÓN FÍSICA--INFORMACIÓN GENERAL | |
| campo de control de longitud fija | t| |
| 008 - DATOS DE LONGITUD FIJA--INFORMACIÓN GENERAL | |
| campo de control de longitud fija | 070524s1972 xxr ||||1| spa d |
| 100 1# - ENTRADA PRINCIPAL--NOMBRE DE PERSONA | |
| Nombre de persona | Tarasov, L. |
| 9 (RLIN) | 109263 |
| 245 10 - MENCIÓN DEL TÍTULO | |
| Título | Preguntas y problemas de física / |
| Mención de responsabilidad, etc. | L. Tarasov, A. Tarasova ; [traducido por Jaime Blanco Castro]. |
| 260 ## - PUBLICACIÓN, DISTRIBUCIÓN, ETC. | |
| Lugar de publicación, distribución, etc. | Moscú : |
| Nombre del editor, distribuidor, etc. | Mir, |
| Fecha de publicación, distribución, etc. | [1972] |
| 300 ## - DESCRIPCIÓN FÍSICA | |
| Extensión | 246 p. : |
| Otras características físicas | il. ; |
| Dimensiones | 20 cm. |
| 700 1# - ENTRADA AGREGADA--NOMBRE PERSONAL | |
| Nombre de persona | Tarasova, A. |
| 9 (RLIN) | 109264 |
| 700 1# - ENTRADA AGREGADA--NOMBRE PERSONAL | |
| Nombre de persona | Blanco Castro, Jaime. |
| 9 (RLIN) | 29232 |
| 852 ## - LOCALIZACIÓN | |
| Ubicación | ES-MaACL |
| Número de control de estantería | E-6582 |
| Sublocalización o colección | R.90591 |
| Estatus retirado | Estado de pérdida | Estado de daño | No para préstamo | Biblioteca de origen | Biblioteca actual | Ubicación en estantería | Fecha de adquisición | Fuente de adquisición | Total de préstamos | Signatura topográfica completa | Código de barras | Visto por última vez | Precio de reemplazo | Tipo de ítem Koha |
|---|---|---|---|---|---|---|---|---|---|---|---|---|---|---|
| Biblioteca del Ateneo de Madrid | Biblioteca del Ateneo de Madrid | Depósito 2 | 17/01/2008 | E-6582 | 1134117 | 23/02/2023 | 23/02/2023 | Libro impreso |
